[Event "Dresden ZMD op-C 21th"]
[Site "Dresden"]
[Date "2012.08.20"]
[Round "3"]
[White "Zilch, Lothar"]
[Black "Smagulov, Aman"]
[Result "1-0"]
[WhiteElo "1749"]
[BlackElo "1648"]
[PlyCount "57"]
[EventDate "2012.08.18"]
[EventType "swiss"]
[EventRounds "9"]
[EventCountry "GER"]
[SourceTitle "CBM 150 Extra"]
[Source "ChessBase"]
[SourceDate "2012.10.19"]
[SourceVersion "1"]
[SourceVersionDate "2012.10.19"]
[SourceQuality "1"]

1. c4 e6 2. Nc3 Nf6 3. e4 d6 4. d4 b6 5. Bd3 Bb7 6. Nf3 Be7 7. 0-0 0-0 8. b3 Nbd7 9. Qc2 h6 10. Bb2 Rc8 11. Rad1 Ne8 12. Qe2 Bf6 13. Bb1 Ra8 14. Qc2 e5 15. dxe5 Bxe5 16. Nxe5 Nxe5 17. Nd5 Bxd5 18. Rxd5 Nf6 19. Rd2 Qe7 20. f4 Nc6 21. e5 dxe5 22. fxe5 Qc5+ 23. Kh1 Nxe5 24. Rd5 Neg4 25. Rxc5 Ne3 26. Qd3 Nxf1 27. Bxf6 g6 28. Re5 Rfe8 29. Qxf1 1-0

[Event "GER-ch Seniors Gp-B 18th"]
[Site "Dresden"]
[Date "2006.07.24"]
[Round "3"]
[White "Smagulov, Aman"]
[Black "Girod, Gudrun"]
[Result "1-0"]
[WhiteElo "1592"]
[BlackElo "1348"]
[PlyCount "66"]
[EventDate "2006.07.22"]
[EventType "swiss"]
[EventRounds "9"]
[EventCountry "GER"]
[SourceTitle "EXT 2022"]
[Source "ChessBase"]
[SourceDate "2021.10.06"]
[SourceVersion "1"]
[SourceVersionDate "2021.10.06"]
[SourceQuality "1"]

1. d4 d5 2. Bg5 Nf6 3. e3 e6 4. Nf3 Be7 5. Bd3 0-0 6. c4 c6 7. Nc3 Nbd7 8. c5 Qc7 9. Bf4 Qd8 10. h3 b6 11. b4 a5 12. a3 Bb7 13. 0-0 h6 14. Qb3 b5 15. Rfe1 a4 16. Qc2 Ne8 17. Kh1 f5 18. Rg1 Nef6 19. Ne5 Nxe5 20. Bxe5 Ne4 21. f3 Nxc3 22. Qxc3 Bf6 23. Bh2 Qe8 24. Qe1 Kh7 25. Bd6 Be7 26. Be5 Bf6 27. f4 Bxe5 28. dxe5 g5 29. Ra2 d4 30. g4 Qe7 31. Rag2 Kh8 32. h4 Qg7 33. gxf5 exf5 1-0

[Event "GER-ch Seniors Gp-B 18th"]
[Site "Dresden"]
[Date "2006.07.22"]
[Round "1"]
[White "Smagulov, Aman"]
[Black "Golbs, Horst"]
[Result "0-1"]
[WhiteElo "1592"]
[BlackElo "1328"]
[PlyCount "50"]
[EventDate "2006.07.22"]
[EventType "swiss"]
[EventRounds "9"]
[EventCountry "GER"]
[SourceTitle "EXT 2022"]
[Source "ChessBase"]
[SourceDate "2021.10.06"]
[SourceVersion "1"]
[SourceVersionDate "2021.10.06"]
[SourceQuality "1"]

1. d4 d5 2. h3 Nc6 3. a3 e5 4. dxe5 Nxe5 5. Bf4 Ng6 6. Bh2 Bd6 7. Nf3 Nf6 8. e3 0-0 9. Bd3 Ne4 10. c4 Bxh2 11. Nxh2 Qf6 12. Qc2 c6 13. Bxe4 dxe4 14. Nc3 Re8 15. 0-0 Bf5 16. Rfd1 Qg5 17. Kh1 Nh4 18. Rg1 Rad8 19. Nf1 Rd6 20. Ng3 Rh6 21. Ncxe4 Bxe4 22. Nxe4 Qf5 23. f3 Nxf3 24. Qf2 Rxh3+ 25. gxh3 Qxh3+ 0-1